| 000 | 01363cad a22002295a 4500 | ||
|---|---|---|---|
| 001 | L150469 | ||
| 008 | 100716s2010 xxkd f s 000 0 eng d | ||
| 035 | _a(Sirsi) u150469 | ||
| 041 | 0 | _aeng | |
| 050 | 0 | 4 | _a333.33 $2 18 |
| 110 | 2 |
_aCB Richard Ellis _93675 |
|
| 245 | 0 | 0 |
_aCBRE UK prime rent and yield monitor _bquarter 2 2010 _h[electronic resource] |
| 260 |
_aLondon _bCBRE _c2010 |
||
| 490 | 0 |
_aCB Richard Ellis UK Prime Rent and Yield Monitor _vSecond Quarter 2010 |
|
| 520 | _aPrime rental growth for commercial property was flat in Q2 2010 after two quarters of marginal growth, increasing by 0.7% in this period but falling by 0.7% over the year. Prime yields decelerated in this quarter to 6.3%, decreasing by 146 basis points since the 7.8% market peak in Q4 2007. Commercial property transactions have picked up after a weak Q1 2010 with £7.7bn transacted in the second quarter, two thirds of the total being bought by UK institutionsand overseas investors. The property/gilt yield gap widened in the second quarter. | ||
| 590 | _aKA NTK | ||
| 650 | 2 | 4 | _aCB RICHARD ELLIS UK PRIME RENT AND YIELD INDEX |
| 651 | 4 |
_aUnited Kingdom _y |
|
| 690 | _aPROPERTY-COMMERCIAL PROPERTY-COMMERCIAL PROPERTY MARKET | ||
| 856 | 4 | 0 |
_uhttps://www.cbre.co.uk/uk_en/news_events/news_detail?p_id=5167 _zView the report free of charge at www.cbre.co.uk |
| 942 | _n0 | ||
| 999 |
_c110887 _d110887 |
||